000 01232cam a2200397 i 4500
001 27892
003 KOSZ 005
005 20200507120210.0
008 071103s1977 pl a f f |000 0 pol
040 _aWA N
_cWA N
_dKOSZ005/HR
046 _k1971
080 _a621.01
080 _a539.3/.6
080 _a531.2
080 _a(075.8)
100 1 _aRżysko, Jerzy
_d(1926-1988)
_eAutor
245 1 0 _aStatyka i wytrzymałość materiałów /
_cJerzy Rżysko.
250 _aWyd. 2 popr.
260 _aWarszawa :
_bPaństwowe Wydawnictwo Naukowe,
_c1977.
300 _a462, [6] s. :
_bil. ;
_c25 cm.
336 _2rdacontent
_aTekst
_btxt
337 _2rdamedia
_aBez urządzenia pośredniczącego
_bn
338 _2rdacarrier
_aTekst
_btxt
380 _aKsiążki
380 _aPublikacje dydaktyczne
385 _mPoziom nauczania
_aSzkoły wyższe
388 _a1901-2000
388 _a1945-1989
504 _aBibliogr.
658 _aInżynieria i technika
655 4 _aPodręczniki akademickie
650 4 _aWytrzymałość materiałów
650 4 _aStatyka
856 _uhttp://koha.tu.koszalin.pl/cgi-bin/koha/opac-detail.pl?biblionumber=27892
_yKatalog online BPK
942 _2UKD
_cKS
999 _c27892
_d27892